Kalange luite saagare (Record no. 2845)

MARC details
000 -LEADER
fixed length control field 00473cam a2200193ua 4500
008 - FIXED-LENGTH DATA ELEMENTS--GENERAL INFORMATION
fixed length control field 110921n ii |||gr||||Z||||||asm
020 ## - INTERNATIONAL STANDARD BOOK NUMBER
International Standard Book Number 81-86494-17-0
040 ## - CATALOGING SOURCE
Transcribing agency MAIN
082 ## - DEWEY DECIMAL CLASSIFICATION NUMBER
Classification number 920
100 1# - MAIN ENTRY--PERSONAL NAME
Personal name Phukan, Tirtha,
245 11 - TITLE STATEMENT
Title Kalange luite saagare
Statement of responsibility, etc. by Tirtha Phukan
250 ## - EDITION STATEMENT
Edition statement 1st.
260 ## - PUBLICATION, DISTRIBUTION, ETC.
Place of publication, distribution, etc. Guahati:
Name of publisher, distributor, etc. Students stores,995.
300 ## - PHYSICAL DESCRIPTION
Extent 138p:
Dimensions 23cm.
942 ## - ADDED ENTRY ELEMENTS (KOHA)
Koha item type Books
653 ## - INDEX TERM--UNCONTROLLED
Uncontrolled term Biography
653 ## - INDEX TERM--UNCONTROLLED
Uncontrolled term Biography of Kalange luite saagare
Holdings
Withdrawn status Lost status Damaged status Not for loan Home library Current library Shelving location Date acquired Total Checkouts Full call number Barcode Date last seen Copy number Price effective from Koha item type
        Naharkatiya College Library Naharkatiya College Library General Stacks 19/09/2020   920 | PHU 9606 19/09/2020 1 19/09/2020 Books

Naharkatiya College © 2020. All rights reserved.

Powered By